01059nam a22001097a 4500008004100000100004400041245009800085260003700183300003100220520066200251773003600913201120b ||||| |||| 00| 0 eng d aMenudo, Jose, M. and Rieucau, Nicolas.  aThe rural economics of Rene De girardin: Landscapes at the service of L'ideologie nobiliaire  aJournal of the History of Ideas  a 81(3), Jul, 2020: 429-449 aRené-Louis de Girardin is remembered for having invited Rousseau to hisErmenonville estate. Girardin believed it necessary to further the debate on gardens on the basis of a principle of continuity that rejects any idea of enclosure. This made it possible to establish an agricultural model that increased production and finally allowed the monopoly in grain sales to be broken. At the service of l'idéologienobiliaire, his analysis shows the existence of a form of economic thinking in the second half of the eighteenth century that, giving primacy to agriculture, nevertheless cannot fall within the paths of physiocrats and agronomists.- Reproduced  aJournal of the History of Ideas